000 00469nam a22001697a 4500
003 NUST - PNEC
005 20170116180831.0
008 150731b xxu||||| |||| 00| 0 eng d
020 _a0132539985
040 _cLIBRARY
082 _a515.35 EDW
100 _94656
_aEdwards, C. H.
245 _aElementary differential equations with boundary value problems
_cC.H. Edwards
250 _a2nd ed
650 _94657
_aDifferential equations
_xMIS / ME
942 _2ddc
_cBK
999 _c64036
_d64036